000 00747nam a2200217Ii 4500
003 JO-AjNU
008 230605s9999||||xx |||||||||||||| ||und||
017 _a2007/10/3305
040 _aJO-AjNU
_bara
_erda
_cJO-AjNU
041 _aara
050 1 4 _aQA11.2.K426 2008
100 3 _aالخطيب ، محمد، م مشارك سناء الخطيبب ,
_eauthor
_947783
245 0 0 _aالتعلم المستند الى مشكلة وتدريس الرياضيات
250 _aط1
264 3 1 _aعمان:دار فضاءات ،2008
300 _a278ص
336 _atext
_btxt
_2rdacontent
337 _aunmediated
_bn
_2rdamedia
338 _avolume
_bnc
_2rdacarrier
650 4 _aاساليب تدريس- المقررات الدراسية
_947784
999 _aA20883
_c24451
_d24451